Statistics for GAA All Ireland Football Winning Team 2013

Click here to take the quiz!

General Stats

  • This quiz has been taken 6 times
  • The average score is 18 of 21

Answer Stats

PositionPlayer% Correct
LFFB. Brogan
100%
CHFC. Kilkenny
100%
LHFD. Connolly
100%
ManagerJ. Gavin
100%
RHBJ. McCarthy
100%
MFM. D. MacAuley
100%
RFFP. Mannion
100%
RFBP. McMahon
100%
CFBR. O'Carroll
100%
GKS. Cluxton
100%
SUBD. Bastick
80%
SUBE. O'Gara
80%
CHBG. Brennan
80%
LFBJ. Cooper
80%
LHBJ. McCaffrey
80%
SUBK. McManamon
80%
CFFP. Andrews
80%
RHFP. Flynn
80%
MFC. O'Sullivan
60%
SUBD. Rock
60%
SUBD. Daly
0%

Score Distribution

Percentile by Number Answered

Percent of People with Each Score

Your Score History

You have not taken this quiz